| 000 | 01682nam a2200493 i 4500 | ||
|---|---|---|---|
| 001 | 33966 | ||
| 003 | KOSZ 005 | ||
| 005 | 20240405063102.0 | ||
| 008 | 200610s1998 pl a g f 001 0 pol | ||
| 015 | _aPB 2006/8319 | ||
| 020 | _a838742451X | ||
| 040 |
_aWA N _cWA N _dKOSZ 005/RW |
||
| 045 |
_bd1874 _bd1960 |
||
| 046 | _k1998 | ||
| 080 | _a94(438).072/.083 | ||
| 080 | _a355.33/.34 | ||
| 080 | _a929-052 | ||
| 100 | 1 |
_aPolak, Bogusław _d(1945- ) _eAutor |
|
| 245 | 1 | 0 |
_aGenerał Stanisław Taczak 1874-1960 / _cBogusław Polak. |
| 250 | _aWydanie 2 poszerzone. | ||
| 260 |
_aKoszalin : _bWydawnictwo Uczelniane Politechniki Koszalińskiej, _c1998. |
||
| 300 |
_a296, [1] stron : _bilustracje ; _c24 cm. |
||
| 336 |
_aTekst _btxt _2rdacontent |
||
| 337 |
_aBez urządzenia pośredniczącego _bn _2rdamedia |
||
| 338 |
_aWolumin _bnc _2rdacarrier |
||
| 380 | _aKsiążki | ||
| 380 | _aPublikacje naukowe | ||
| 388 | _a1901-2000 | ||
| 388 | _a1989-2000 | ||
| 504 | _aBibliografia na stronach 175-182. Indeks. | ||
| 600 | 1 | 4 |
_aTaczak, Stanisław _d(1874-1960) |
| 648 | 7 | _a1801-1900 | |
| 648 | 7 | _a1901-2000 | |
| 650 | 7 | _aWojsko | |
| 650 | 7 | _aPowstanie wielkopolskie (1918-1919) | |
| 651 | 7 | _aPolska | |
| 655 | 7 | _aBiografia | |
| 658 | _aHistoria | ||
| 658 | _aBezpieczeństwo i wojskowość | ||
| 710 | 2 |
_aWydawnictwo Uczelniane (Politechnika Koszalińska) _4pbl |
|
| 856 |
_uhttp://koha.tu.koszalin.pl/cgi-bin/koha/opac-detail.pl?biblionumber=33966 _zKatalog online BPK |
||
| 856 |
_uhttp://dlibra.tu.koszalin.pl/dlibra/docmetadata?id=620 _zBiblioteka Cyfrowa |
||
| 942 |
_2UKD _cKS |
||
| 999 |
_c33966 _d33966 |
||